000 04587cam a22005295i 4500
001 ssj0002264971
003 WaSeSS
005 20230425124054.0
006 m d
007 cr n
008 191211s2019 xxu| o |||| 0|eng d
020 _a9781484275795
024 7 _a10.1007/978-1-4842-5509-4
_2doi
040 _beng
_dWaSeSS
_cAIMIT LIBRARY
050 4 _aQA76.76.M52
072 7 _aUMP
_2bicssc
072 7 _aCOM051380
_2bisacsh
072 7 _aUMP
_2thema
082 0 4 _a005.2764
_21
_bJOSB
092 _aEBOOK
100 1 _aJoshi, Bipin.
_932047
245 1 0 _aBeginning database programming using ASP.NET core 3 :
_bwith MVC, razor pages, web API, jquery, angular, SQL server, and NoSQL /
_cBy Bipin Joshi.
250 _a1st ed.
260 _aNew York :
_bApress
264 1 _aBerkeley, CA :
_bApress :
_c2022.
300 _axxii, 481p. ;
_c25 cm.
_bPB.
336 _atext
_btxt
_2rdacontent
337 _acomputer
_bc
_2rdamedia
338 _aonline resource
_bcr
_2rdacarrier
347 _atext file
_bPDF
_2rda
505 0 _aChapter 01 : Introduction to ASP.NET Core -- Chapter 02 : Sample Application -- Chapter 03 : ASP.NET Core MVC -- Chapter 04 : ASP.NET Core Razor Pages -- Chapter 05 : ASP.NET Core Web API -- Chapter 06 : jQuery -- Chapter 07 : Angular -- Chapter 08 : Blazor -- Chapter 09 : Azure SQL Database, Azure Cosmos DB, and MongoDB -- Chapter 10 : Deployment.
506 _aRequires an SPL library card.
520 _aHit the ground running with this book to quickly learn the fundamentals of HTML form processing, user authentication, and database CRUD (Create, Read, Update, and Delete) operations using the ASP.NET Core family of technologies. You will utilize cutting-edge and popular technology options from both the server side and client side to help you achieve your web application goals as quickly as possible. Developers who want to learn ASP.NET Core and complementary technologies are often overwhelmed by the large number of options involved in building modern web applications. This book introduces you to the most popular options so that you can confidently begin working on projects in no time. You will learn by example, building a sample application that demonstrates how the same application can be built using different options. This experiential approach will give you the basic skills and knowledge to understand how the options work together so that you can make an informed decision about the available choices, their trade-offs, and code level comparison. After reading this book, you will be able to choose your selected learning path. What You Will Learn Develop data entry forms in ASP.NET Core, complete with validations and processing Perform CRUD operations using server-side options: ASP.NET Core MVC, Razor Pages, Web APIs, and Blazor Perform CRUD operations using client-side options: jQuery and Angular Secure web applications using ASP.NET Core Identity, cookie authentication, and JWT authentication Use RDBMS and NoSQL data stores: SQL Server, Azure SQL Database, Azure Cosmos DB, and MongoDB for CRUD operations Deploy ASP.NET Core web applications to IIS and Azure App Service This book is for developers who possess a basic understanding of ASP.NET and how web applications work. Some experience with Visual Studio 2017 or higher, C#, and JavaScript is helpful. Bipin Joshi is an independent software consultant and trainer who has been programming for more than 20 years, mainly in .NET. He has authored more than 12 books and is a regular contributor to websites and magazines, including his .NET Knowledge Base site (binaryintellect.net). A Microsoft Most Valuable Professional (MVP) and a former Microsoft Certified Trainer (MCT), Bipin conducts online training courses to help individuals learn Microsoft web technologies.
538 _aMode of access: World Wide Web.
630 0 0 _aMicrosoft .NET Framework
_932048
650 0 _aSample application
_932049
650 0 _aJquery
_932050
650 0 _aAngular
_932051
655 7 _aElectronic books.
_2local
_932052
773 0 _tSpringer eBooks
776 0 8 _iPrinted edition:
_z9781484255087
776 0 8 _iPrinted edition:
_z9781484255100
856 4 0 _yView this electronic item in O'Reilly Online Learning: Academic/Public Library Edition.
_uhttps://ezproxy.spl.org/login?url=https://learning.oreilly.com/library/view/~/9781484255094/?ar
_zAn e-book available through full-text database.
942 _2ddc
_cBK
_e1st
_k005.2764 JOSB
999 _c222646
_d222646
999 _b03552636